00392 a2200109 4500001001000000005001700010008004100027245005600068100002100124773012000145999001700265ART_2345620260410161918.0260409a 10aLa segmentación de la auditoría en la Argentina1 aCanetti, Marcelo0 tDocumentos de trabajo de contabilidad, auditoría y responsabilidad socialg- Año 3, Nº 6 (dic. 2013)wREV14385 c27460d27460